Room at the top?: a study of women chief executives in local government in England and Wales
Saved in:
| Main Authors: | , |
|---|---|
| Format: | Bog |
| Sprog: | engelsk |
| Udgivet: |
Bristol
Bristol Business School
2001
|
| Fag: | |
| Tags: |
Tilføj Tag
Ingen Tags, Vær først til at tagge denne postø!
|
MARC
| LEADER | 00000nam a2200000 a 4500 | ||
|---|---|---|---|
| 001 | UCL7163 | ||
| 003 | CL-VaPUC | ||
| 008 | 040507e20010000UK |||||||||||||||||eng|d | ||
| 020 | |a 1860433197 | ||
| 082 | 0 | 4 | |a 305.43 |b FOX |2 21 |
| 100 | 0 | |a Fox, Pam |e author |9 484971 | |
| 700 | 0 | |a Broussine, Mike |e author |9 484972 | |
| 245 | 1 | 0 | |a Room at the top?: a study of women chief executives in local government in England and Wales |
| 300 | |a 171 p | ||
| 942 | |c BK | ||
| 945 | |d 20040507 00:00:00 |a cmena | ||
| 260 | |a Bristol |b Bristol Business School |c 2001 | ||
| 650 | 0 | |a Mujeres |9 257649 | |
| 650 | 0 | |a Trabajo y empleo |9 315054 | |
| 583 | |a last modification |c 20040507 00:00:00 |k Rodrigo Vera | ||
| 999 | |c 309017 |d 309015 | ||
| 952 | |0 0 |1 0 |4 0 |6 305_430000000000000_FOX_2001 |7 0 |8 P |9 376087 |a BIBGIM |b BIBGIM |d 2019-11-21 |i 4013131 |o 305.43 FOX 2001 |p 4013131 |r 2025-01-15 |w 2019-11-21 |y BK |k GIM | ||